000 00903nam a2200265Ia 4500
003 OSt
005 20221005111250.0
006 a|||||r|||| 00| 0
007 ta
008 221004b |||||||| |||| 00| 0 hin d
020 _a8181431936 (hbk)
024 _a23047
037 _bGift, 04/11/2015,
_cTextual
040 _aCRL
_cCRL
_bhin
041 _2hin
_ahin
082 _aO152,2:g, P4
100 _aसिद्धनाथ कुमार
245 0 _aनाटकालोचन के सिद्धांत
246 _aNāṭakālochan ke siddhāanta
260 _aनई दिल्ली
_bवाणी प्रकाशन भारत
_c2004
300 _a227पृ0
_ccm.
650 _aहिन्दी साहित्य
942 _hO152,2:g, P4
_cTEXL
_2cc
999 _c1021309
_d1021309